Fantasy Characters Multiple Choice Quiz Stats

 Plays Quiz Updated May 20, 2017

Support Sporcle.
Go Orange.
Score 0/24 Timer 06:00
4 Plays Today
Question Answer Wrong Answers
Rubeus Hagrid Harry Potter
92.3%
The Lord of the Rings
1.5%
A Song of Ice and Fire
0.8%
The Hunger Games
0.7%
Argus Filch Harry Potter
90.6%
The Lord of the Rings
9.6%
A Song of Ice and Fire
20.4%
The Hunger Games
6.6%
Sybill Trelawney Harry Potter
86.6%
The Lord of the Rings
22.9%
A Song of Ice and Fire
22.6%
The Hunger Games
13.2%
Galadriel The Lord of the Rings
85.8%
Harry Potter
2.1%
A Song of Ice and Fire
4.7%
The Hunger Games
2%
Bran Stark A Song of Ice and Fire
84.5%
The Lord of the Rings
3.7%
Harry Potter
1.4%
The Hunger Games
5.1%
Arwen The Lord of the Rings
84.4%
Harry Potter
2%
A Song of Ice and Fire
6.2%
The Hunger Games
2.1%
Sir Cadogan Harry Potter
80.7%
The Lord of the Rings
12.1%
A Song of Ice and Fire
27.1%
The Hunger Games
7.1%
Effie Trinket The Hunger Games
77.3%
The Lord of the Rings
2.8%
Harry Potter
11%
A Song of Ice and Fire
3.5%
Seneca Crane The Hunger Games
77%
The Lord of the Rings
2.7%
Harry Potter
8%
A Song of Ice and Fire
6.9%
Haymitch Abernathy The Hunger Games
76%
The Lord of the Rings
2.2%
Harry Potter
13.1%
A Song of Ice and Fire
3.4%
Petyr Baelish A Song of Ice and Fire
75.9%
The Lord of the Rings
5%
Harry Potter
2.7%
The Hunger Games
10.9%
Finnick Odair The Hunger Games
72.1%
The Lord of the Rings
5.1%
Harry Potter
9.8%
A Song of Ice and Fire
7.5%
Augustus Rookwood Harry Potter
71.4%
The Lord of the Rings
4.9%
A Song of Ice and Fire
6%
The Hunger Games
12.3%
Fridwulfa Harry Potter
71%
The Lord of the Rings
30.4%
A Song of Ice and Fire
29.1%
The Hunger Games
14.6%
Gendry A Song of Ice and Fire
70.2%
The Lord of the Rings
12.1%
Harry Potter
3.5%
The Hunger Games
8.5%
Lord of Bones A Song of Ice and Fire
69.8%
The Lord of the Rings
16.9%
Harry Potter
2.6%
The Hunger Games
5.1%
Tom Bombadil The Lord of the Rings
68.7%
Harry Potter
10.1%
A Song of Ice and Fire
7.8%
The Hunger Games
7.8%
Yoren A Song of Ice and Fire
60.7%
The Lord of the Rings
24.9%
Harry Potter
2%
The Hunger Games
6.5%
Varamyr Sixskins A Song of Ice and Fire
60.2%
The Lord of the Rings
17.9%
Harry Potter
7.2%
The Hunger Games
9%
Maysilee Donner The Hunger Games
54.4%
The Lord of the Rings
7.8%
Harry Potter
10.2%
A Song of Ice and Fire
21.5%
Shagrat The Lord of the Rings
52.1%
Harry Potter
9%
A Song of Ice and Fire
24.8%
The Hunger Games
8.2%
Castor The Hunger Games
52.1%
The Lord of the Rings
8.8%
Harry Potter
6%
A Song of Ice and Fire
27.4%
Watcher in the Water The Lord of the Rings
49.2%
Harry Potter
5.9%
A Song of Ice and Fire
33.9%
The Hunger Games
5.4%
Forlong the Fat The Lord of the Rings
44.2%
Harry Potter
10.7%
A Song of Ice and Fire
33.4%
The Hunger Games
6%

From the Vault

Star Maze!

by AuroraIllumina

Usually, seeing stars is a bad thing.
Remove Ads.
Support Sporcle.
Get the best of Sporcle when you Go Orange. This ad-free experience offers more features, more stats, and more fun while also helping to support Sporcle. Thank you for becoming a member.

Show Comments

Extras

Top Quizzes Today


Score Distribution

Your Account Isn't Verified!

In order to create a playlist on Sporcle, you need to verify the email address you used during registration. Go to your Sporcle Settings to finish the process.

Report this User

Report this user for behavior that violates our Community Guidelines.

Details: